[Event "GER-chT U10"]
[Site "Magdeburg"]
[Date "2014.12.28"]
[Round "4.4"]
[White "Klonov, Jakov"]
[Black "Kohleisen, Konstantin"]
[Result "1-0"]
[WhiteElo "978"]
[BlackElo "918"]
[PlyCount "55"]
[EventDate "2014.12.27"]
[EventType "team-swiss"]
[EventRounds "7"]
[EventCountry "GER"]
[SourceTitle "EXT 2016"]
[Source "ChessBase"]
[SourceDate "2015.10.08"]
[SourceVersion "1"]
[SourceVersionDate "2015.10.08"]
[SourceQuality "1"]
[WhiteTeam "Muenchen Suedost"]
[BlackTeam "Rommelshausen"]
[WhiteTeamCountry "GER"]
[BlackTeamCountry "GER"]

1. e4 e5 2. Nf3 Nc6 3. Bc4 Nf6 4. Ng5 d5 5. exd5 Nxd5 6. d4 Na5 7. Qf3 Be6 8. Nxe6 fxe6 9. Bxd5 exd5 10. dxe5 Qd7 11. 0-0 0-0-0 12. Re1 Re8 13. Nc3 Bb4 14. Bd2 Rhf8 15. Qe2 Bc5 16. Rf1 Bd4 17. Qd3 Rxe5 18. Qxd4 Ref5 19. Rae1 Nc6 20. Qd3 Qf7 21. Qe2 Nd4 22. Qg4 Ne6 23. Qg3 d4 24. Ne4 h6 25. Rc1 Nf4 26. Bxf4 Rxf4 27. Rce1 Qh5 28. Z0 1-0